<?xml version="1.0" encoding="UTF-8"?>
<record
    xmlns:xsi="http://www.w3.org/2001/XMLSchema-instance"
    xsi:schemaLocation="http://www.loc.gov/MARC21/slim http://www.loc.gov/standards/marcxml/schema/MARC21slim.xsd"
    xmlns="http://www.loc.gov/MARC21/slim">

  <leader>00689nam a2200205Ia 4500</leader>
  <controlfield tag="003">OSt</controlfield>
  <controlfield tag="005">20240415100303.0</controlfield>
  <controlfield tag="008">210210b1997   xxu||||| |||| 00| 0 eng d</controlfield>
  <datafield tag="040" ind1=" " ind2=" ">
    <subfield code="c">AL</subfield>
  </datafield>
  <datafield tag="041" ind1=" " ind2=" ">
    <subfield code="a">Kannada</subfield>
  </datafield>
  <datafield tag="082" ind1=" " ind2=" ">
    <subfield code="a">338.9K  PRAA</subfield>
  </datafield>
  <datafield tag="100" ind1=" " ind2=" ">
    <subfield code="a">PRABHAKARA SHISHILA (B).</subfield>
    <subfield code="d">&#xCAA;&#xCCD;&#xCB0;&#xCAD;&#xCBE;&#xC95;&#xCB0; &#xCB6;&#xCBF;&#xCB6;&#xCBF;&#xCB2; (&#xCAC;&#xCBF;) </subfield>
    <subfield code="9">160126</subfield>
  </datafield>
  <datafield tag="245" ind1=" " ind2=" ">
    <subfield code="a">Abhivraddi mattu yojana arthashastra.</subfield>
    <subfield code="b">&#xC85;&#xCAD;&#xCBF;&#xCB5;&#xCC3;&#xCA6;&#xCCD;&#xCA7;&#xCBF; &#xCAE;&#xCA4;&#xCCD;&#xCA4;&#xCC1; &#xCAF;&#xCCB;&#xC9C;&#xCA8; &#xC85;&#xCB0;&#xCCD;&#xCA5;&#xCB6;&#xCBE;&#xCB8;&#xCCD;&#xCA4;&#xCCD;&#xCB0; </subfield>
  </datafield>
  <datafield tag="260" ind1=" " ind2=" ">
    <subfield code="a">Bengaluru</subfield>
    <subfield code="b">Kala Prakashana</subfield>
    <subfield code="c">1997</subfield>
  </datafield>
  <datafield tag="300" ind1=" " ind2=" ">
    <subfield code="a">x,624</subfield>
  </datafield>
  <datafield tag="650" ind1=" " ind2=" ">
    <subfield code="a">Abhivraddi Yojana arthashastra</subfield>
    <subfield code="9">160127</subfield>
  </datafield>
  <datafield tag="690" ind1=" " ind2=" ">
    <subfield code="a">Economic Development</subfield>
    <subfield code="9">160128</subfield>
  </datafield>
  <datafield tag="906" ind1=" " ind2=" ">
    <subfield code="a">053572</subfield>
  </datafield>
  <datafield tag="942" ind1=" " ind2=" ">
    <subfield code="2">ddc</subfield>
    <subfield code="c">BK</subfield>
  </datafield>
  <datafield tag="999" ind1=" " ind2=" ">
    <subfield code="c">101621</subfield>
    <subfield code="d">101621</subfield>
  </datafield>
  <datafield tag="952" ind1=" " ind2=" ">
    <subfield code="0">0</subfield>
    <subfield code="1">0</subfield>
    <subfield code="2">ddc</subfield>
    <subfield code="4">0</subfield>
    <subfield code="7">0</subfield>
    <subfield code="8">ECO</subfield>
    <subfield code="a">AL</subfield>
    <subfield code="b">AL</subfield>
    <subfield code="d">2021-02-17</subfield>
    <subfield code="g">160.00</subfield>
    <subfield code="l">0</subfield>
    <subfield code="o">338.9K PRAA</subfield>
    <subfield code="p">053572</subfield>
    <subfield code="r">2021-02-17 00:00:00</subfield>
    <subfield code="w">2021-02-17</subfield>
    <subfield code="y">BK</subfield>
  </datafield>
</record>
